| 000 | 00558nam a2200193 a 4500 | ||
|---|---|---|---|
| 001 | 3375 | ||
| 005 | 20140414131928.0 | ||
| 008 | 040715s19uu xx 00 eng d | ||
| 020 | _a0-19-422041-4 | ||
| 050 |
_aER _bT66 1998 |
||
| 100 | _aArengo, Sue | ||
| 245 |
_aTown mouse and the country mouse (The) / _cretold by Sue Arengo ; illustrated by Kate Aldous. |
||
| 260 |
_aOxford : _bOxford University Press, _c1998. |
||
| 300 | _a23 p. : ill. ; cm. | ||
| 440 | _aClassic tales | ||
| 650 | _aFolktales. | ||
| 650 | _aChildren stories. | ||
| 999 |
_c112144 _d112144 |
||